[Event "CHI-ch"]
[Site "Santiago"]
[Date "2024.02.19"]
[Round "1"]
[White "Henriquez Villagra, Cristobal"]
[Black "Greau Carreno, Rodrigo Alberto"]
[Result "1-0"]
[WhiteElo "2591"]
[BlackElo "1854"]
[PlyCount "51"]
[EventDate "2024.02.19"]
[EventType "swiss"]
[EventRounds "11"]
[EventCountry "CHI"]
[SourceTitle "CB09_2024"]
[SourceDate "2024.02.28"]
[SourceVersion "1"]
[SourceVersionDate "2024.02.28"]
[SourceQuality "1"]

1. e4 c5 2. Nf3 e6 3. d4 cxd4 4. Nxd4 a6 5. Bd3 Nf6 6. 0-0 d6 7. c4 Be7 8. Nc3 Qc7 9. Be3 Nbd7 10. Rc1 b6 11. f4 Bb7 12. b4 0-0 13. f5 Ne5 14. fxe6 Nxd3 15. Qxd3 Rae8 16. Nd5 Qd8 17. Nf5 Nxd5 18. exf7+ Rxf7 19. cxd5 b5 20. e5 dxe5 21. Nh6+ gxh6 22. Rxf7 e4 23. Qxe4 Kxf7 24. Qxh7+ Kf6 25. Rf1+ Ke5 26. Qf5+ 1-0

[Event "Titled Tuesday intern op 13th Feb Early"]
[Site "Chess.com INT"]
[Date "2024.02.13"]
[Round "5"]
[White "Henriquez Villagra, Cristobal"]
[Black "Bortnyk, Olexandr"]
[Result "1-0"]
[WhiteElo "2591"]
[BlackElo "2608"]
[PlyCount "51"]
[EventDate "2024.02.13"]
[EventType "swiss (blitz)"]
[EventRounds "11"]
[EventCountry "USA"]
[SourceTitle "CB08_2024"]
[SourceDate "2024.02.21"]
[SourceVersion "1"]
[SourceVersionDate "2024.02.21"]
[SourceQuality "1"]

1. Nf3 Nf6 2. d4 b6 3. Bf4 Bb7 4. e3 g6 5. h3 Bg7 6. Be2 0-0 7. 0-0 d6 8. a4 a6 9. c4 Nc6 10. Nc3 a5 11. Bh2 Nb4 12. Ne1 c5 13. d5 Qd7 14. Ra3 Rae8 15. Nb5 e6 16. Nxd6 Rd8 17. Nxb7 Qxb7 18. Nd3 exd5 19. Nxb4 dxc4 20. Nd3 Ne4 21. Qc2 cxd3 22. Rxd3 c4 23. Rxd8 Rxd8 24. Bf3 Re8 25. Qxc4 Bxb2 26. Qb5 1-0

[Event "Titled Tuesday intern op 06th Feb Early"]
[Site "Chess.com INT"]
[Date "2024.02.06"]
[Round "8"]
[White "Henriquez Villagra, Cristobal"]
[Black "Ibarra Jerez, Jose Carlos"]
[Result "0-1"]
[WhiteElo "2591"]
[BlackElo "2559"]
[PlyCount "60"]
[EventDate "2024.02.06"]
[EventType "swiss (blitz)"]
[EventRounds "11"]
[EventCountry "USA"]
[SourceTitle "CB07_2024"]
[SourceDate "2024.02.14"]
[SourceVersion "1"]
[SourceVersionDate "2024.02.14"]
[SourceQuality "1"]

1. d4 Nf6 2. Nc3 d5 3. Bf4 c5 4. e3 cxd4 5. exd4 Bg4 6. Be2 Bxe2 7. Ncxe2 e6 8. c3 Nc6 9. Nf3 Bd6 10. 0-0 0-0 11. Re1 Rc8 12. Qb3 Na5 13. Qc2 Nc4 14. Rad1 b5 15. Qb3 Rb8 16. Ne5 Qc7 17. Nc1 a5 18. Ncd3 b4 19. cxb4 axb4 20. Rc1 Rfc8 21. Nxc4 Bxf4 22. Ne3 Bxh2+ 23. Kf1 Qa7 24. g3 Qxd4 25. Kg2 Bxg3 26. Rxc8+ Rxc8 27. fxg3 Qe4+ 28. Kg1 Qf3 29. Nf1 Ne4 30. Nxb4 Qf2+ 0-1

[Event "Chessable Masters Div 3 Lose"]
[Site "Chess.com INT"]
[Date "2024.02.03"]
[Round "2.1"]
[White "Deac, Bogdan Daniel"]
[Black "Henriquez Villagra, Cristobal"]
[Result "1-0"]
[WhiteElo "2690"]
[BlackElo "2591"]
[PlyCount "107"]
[EventDate "2024.02.02"]
[EventType "k.o. (rapid)"]
[EventRounds "8"]
[EventCountry "USA"]
[SourceTitle "CB06_2024"]
[SourceDate "2024.02.07"]
[SourceVersion "1"]
[SourceVersionDate "2024.02.07"]
[SourceQuality "1"]

1. d4 Nf6 2. Nf3 d6 3. Nc3 Bf5 4. Nh4 Bd7 5. e4 e5 6. Nf3 exd4 7. Nxd4 Nc6 8. f3 Be7 9. Be3 0-0 10. Be2 Re8 11. 0-0 a6 12. Qd2 b5 13. Nxc6 Bxc6 14. Bd4 Nd7 15. Rae1 Bf6 16. a3 Bxd4+ 17. Qxd4 Qg5 18. Bd3 Qc5 19. Qxc5 dxc5 20. Rd1 Nb6 21. b3 b4 22. Ne2 a5 23. axb4 axb4 24. Ra1 Kf8 25. h4 Nd7 26. Kf2 g6 27. Nf4 Ke7 28. Bc4 Ne5 29. Be2 f5 30. exf5 gxf5 31. Rfe1 Kf6 32. Nh5+ Kg6 33. Nf4+ Kf6 34. Bf1 Ng6 35. Nh5+ Kf7 36. Bc4+ Kf8 37. Rxa8 Rxa8 38. Ng3 Ra2 39. Bd3 f4 40. Nf5 Bd7 41. h5 c4 42. bxc4 Nh8 43. Rb1 c5 44. Nd6 h6 45. Nb7 Be6 46. Kg1 Bf7 47. Nxc5 Bxh5 48. Ne6+ Ke7 49. Nxf4 Be8 50. Rxb4 Nf7 51. Nd5+ Kd6 52. Rb6+ Kc5 53. Re6 Bc6 54. Rxc6+ 1-0

[Event "Chessable Masters Play In"]
[Site "Chess.com INT"]
[Date "2024.01.31"]
[Round "6"]
[White "Suyarov, Mukhammadzokhid"]
[Black "Henriquez Villagra, Cristobal"]
[Result "1/2-1/2"]
[WhiteElo "2413"]
[BlackElo "2591"]
[PlyCount "118"]
[EventDate "2024.01.31"]
[EventType "swiss (rapid)"]
[EventRounds "9"]
[EventCountry "USA"]
[SourceTitle "CB06_2024"]
[SourceDate "2024.02.07"]
[SourceVersion "1"]
[SourceVersionDate "2024.02.07"]
[SourceQuality "1"]

1. d4 Nf6 2. Nc3 d5 3. Bf4 a6 4. e3 h6 5. h4 c5 6. Nf3 Nc6 7. Ne5 cxd4 8. exd4 Qb6 9. Nxc6 Qxc6 10. Bd3 e6 11. Qf3 Bd6 12. 0-0-0 Qc7 13. Bxd6 Qxd6 14. g4 Ng8 15. g5 Ne7 16. gxh6 Rxh6 17. Rdg1 Rf6 18. Qe3 g6 19. h5 gxh5 20. Rxh5 Qf4 21. Kb1 Kd7 22. Rg2 b5 23. a3 Bb7 24. Ne2 Qxe3 25. fxe3 Rg8 26. Rxg8 Nxg8 27. Rh8 Rf1+ 28. Ka2 Ne7 29. Nf4 Rf3 30. Rf8 f5 31. Rf7 Kd6 32. Nh5 Rxe3 33. Ng7 Bc6 34. Rf6 Kd7 35. b4 Bb7 36. Kb2 Bc8 37. Ka2 Kd8 38. Rf8+ Kc7 39. Rf7 Kd8 40. Rf8+ Kd7 41. Rf6 Nc6 42. Rf7+ Kd8 43. Rf8+ Kc7 44. Ne8+ Kb6 45. Nd6 Bd7 46. Rf7 Kc7 47. Ne8+ Kd8 48. Nf6 Bc8 49. Rf8+ Kc7 50. Bxf5 Nxd4 51. Nxd5+ exd5 52. Rxc8+ Kb7 53. Rf8 Rf3 54. Bc8+ Kb6 55. Rxf3 Nxf3 56. Be6 Kc6 57. Bc8 Kb6 58. Be6 Kc6 59. Bc8 Kb6 1/2-1/2

[Event "Wch Blitz"]
[Site "Samarkand"]
[Date "2023.12.30"]
[Round "19"]
[White "Sandipan, Chanda"]
[Black "Henriquez Villagra, Cristobal"]
[Result "0-1"]
[WhiteElo "2486"]
[BlackElo "2607"]
[PlyCount "54"]
[EventDate "2023.12.29"]
[EventType "swiss (blitz)"]
[EventRounds "21"]
[EventCountry "UZB"]
[SourceTitle "CB01_2024"]
[SourceDate "2024.01.03"]
[SourceVersion "1"]
[SourceVersionDate "2024.01.03"]
[SourceQuality "1"]

1. d4 Nf6 2. c4 g6 3. Nc3 Bg7 4. e4 d6 5. Be2 0-0 6. Bg5 Nbd7 7. Nf3 e5 8. 0-0 h6 9. Be3 exd4 10. Nxd4 Re8 11. Qc2 Nc5 12. f3 a5 13. Rad1 Bd7 14. Kh1 a4 15. Ndb5 b6 16. b4 axb3 17. axb3 Bc6 18. Bd4 Qe7 19. Rfe1 Ne6 20. Bg1 Nh5 21. g3 Qd7 22. Bf2 Rf8 23. Nd4 Nxd4 24. Bxd4 Nxg3+ 25. hxg3 Qh3+ 26. Kg1 Qxg3+ 27. Kh1 Bxd4 0-1